E-Learning hệ thống đào tạo từ xa

Tìm hiểu hệ thống giáo dục ảo, cấu trúc, phương thức hoạt động, sự phát triển của hệ thống giáo dục ảo trong tương lai

Shranjeno v:
Bibliografske podrobnosti
Glavni avtor: Trần Văn Lăng
Drugi avtorji: Đào Văn Tuyết, Choi Seong
Format: Knjiga
Jezik:Vietnamese
Izdano: H. Thống kê 2004
Teme:
Oznake: Označite
Brez oznak, prvi označite!
Thư viện lưu trữ: Mạng thư viện Đại học Đà Nẵng
LEADER 01518aam a22004338a 4500
001 000006307
003 2462
005 20110907140924.0
008 110907s2004 viesd
020 |c 34500đ  |d 1000b 
041 |a vie 
082 |a 371.35  |b Tr-L 
084 |a U33  |b E201H 
084 |a F973.2-018 
100 0 |a Trần Văn Lăng 
245 |a E-Learning hệ thống đào tạo từ xa  |c Trần Văn Lăng, Đào Văn Tuyết, Choi Seong 
260 |a H.  |b Thống kê  |c 2004 
300 |a 159tr  |c 24cm 
504 |a Thư mục: tr. 157-159 
520 |a Tìm hiểu hệ thống giáo dục ảo, cấu trúc, phương thức hoạt động, sự phát triển của hệ thống giáo dục ảo trong tương lai 
650 7 |2 Bộ TK TVQG  |a Giáo dục 
650 7 |2 Bộ TK TVQG  |a Công nghệ thông tin 
650 7 |2 Bộ TK TVQG  |a Đào tạo 
651 7 |2 Bộ TK TVQG 
653 |a Đào tạo từ xa 
653 |a Giáo dục ảo 
700 0 |a Đào Văn Tuyết 
700 0 |a Choi Seong 
910 |a Minh  |d 7/9/2011 
OWN |a LSP 
AVA |a UDN50  |b LSP  |d 371.35 Tr-L  |e available  |t Error 5001 Not defined in file expand_doc_bib_avail.  |f 4  |g 0  |h N  |i 0  |k 1 
999 |a From the UDN01 
AVA |a UDN50  |b LSP  |d 371.35 Tr-L  |e available  |t Error 5001 Not defined in file expand_doc_bib_avail.  |f 4  |g 0  |h N  |i 0  |k 1 
TYP |a Monograph 
TYP |a Printed language 
980 |a Mạng thư viện Đại học Đà Nẵng